| 000 | 00624cab a2200193 4500 | ||
|---|---|---|---|
| 001 | ABS40941 | ||
| 008 | 090401t1989 xxu||||| |||| 00| 0 eng d | ||
| 035 | _a(Sirsi) u27092 | ||
| 041 | _aeng | ||
| 100 | _aBrookfield, D. S. | ||
| 245 | _aComputer integrated buildings | ||
| 260 | _c1989 | ||
| 350 | _a0 | ||
| 490 |
_aBuilding Technology & Management _v27(3) June/July 1989, 5-11(5) |
||
| 520 | _aExamines intelligent buildings investigating the increasing role computers play in buildings and including the role of cable management systems. | ||
| 690 |
_aBlock management _96220 |
||
| 942 | _n0 | ||
| 948 | _c04/03/1997 | ||
| 999 |
_c18247 _d18247 |
||